[Event "Minsk Kupreichik Memorial rapid"]
[Site "Minsk"]
[Date "2019.08.16"]
[Round "7"]
[White "Barskij, Vladimir"]
[Black "Khrapko, Marharyta"]
[Result "1-0"]
[WhiteElo "2389"]
[BlackElo "2073"]
[PlyCount "105"]
[EventDate "2019.08.15"]
[EventType "swiss (rapid)"]
[EventRounds "10"]
[EventCountry "BLR"]
[SourceTitle "CBM 191 Extra"]
[Source "ChessBase"]
[SourceDate "2019.09.30"]
[SourceVersion "1"]
[SourceVersionDate "2019.09.30"]
[SourceQuality "1"]

1. e4 c5 2. c3 Nf6 3. e5 Nd5 4. Nf3 e6 5. d4 Nc6 6. c4 Ndb4 7. a3 Qa5 8. Bd2 Nxd4 9. Nxd4 cxd4 10. f4 d3 11. axb4 Qxa1 12. Bc3 d2+ 13. Kf2 a5 14. bxa5 Bc5+ 15. Kg3 d6 16. b4 Qa2 17. bxc5 dxe5 18. fxe5 Bd7 19. Bd3 Rxa5 20. Bxa5 Qxa5 21. Qxd2 Qxc5 22. Re1 f6 23. Qe3 Qc7 24. Nc3 0-0 25. Nb5 Bxb5 26. cxb5 Rd8 27. Kf2 f5 28. Rc1 Qa5 29. Bc4 Kf7 30. Kg1 Qb4 31. h3 Rd2 32. Qc3 Qc5+ 33. Kh1 Qf2 34. Qf3 Qxf3 35. gxf3 Kg6 36. Bxe6 Kg5 37. Rc4 f4 38. Bc8 h5 39. Rc1 Re2 40. Bxb7 Kh4 41. Rg1 Rxe5 42. Bc6 Re2 43. Rxg7 Kxh3 44. Bd7+ Kh4 45. Rg2 Re1+ 46. Rg1 Re2 47. Rb1 Kg3 48. b6 Rh2+ 49. Kg1 Rg2+ 50. Kf1 Rh2 51. Rb3 Rh1+ 52. Ke2 Rh2+ 53. Kd1 1-0

[Event "Minsk Kupreichik Memorial rapid"]
[Site "Minsk"]
[Date "2019.08.15"]
[Round "1"]
[White "Barskij, Vladimir"]
[Black "Karlov, Egor"]
[Result "1-0"]
[WhiteElo "2389"]
[BlackElo "1728"]
[PlyCount "47"]
[EventDate "2019.08.15"]
[EventType "swiss (rapid)"]
[EventRounds "10"]
[EventCountry "BLR"]
[SourceTitle "CBM 191 Extra"]
[Source "ChessBase"]
[SourceDate "2019.09.30"]
[SourceVersion "1"]
[SourceVersionDate "2019.09.30"]
[SourceQuality "1"]

1. e4 e6 2. d4 d5 3. exd5 exd5 4. Nf3 Bd6 5. c4 c6 6. Nc3 Nf6 7. Bg5 Be6 8. cxd5 cxd5 9. Qb3 Qe7 10. Bxf6 gxf6 11. Bb5+ Nc6 12. 0-0 0-0-0 13. Rfe1 a6 14. Bf1 Qd7 15. Na4 Qc7 16. Rac1 Rhg8 17. Nc5 Bxc5 18. Rxc5 Rg7 19. Rec1 Rd6 20. Qc3 Kd7 21. Ne5+ fxe5 22. dxe5 h6 23. exd6 Qxd6 24. Qxg7 1-0

[Event "Minsk Kupreichik Memorial rapid"]
[Site "Minsk"]
[Date "2019.08.15"]
[Round "3"]
[White "Vaganian, Rafael A"]
[Black "Barskij, Vladimir"]
[Result "0-1"]
[WhiteElo "2514"]
[BlackElo "2389"]
[PlyCount "46"]
[EventDate "2019.08.15"]
[EventType "swiss (rapid)"]
[EventRounds "10"]
[EventCountry "BLR"]
[SourceTitle "CBM 191 Extra"]
[Source "ChessBase"]
[SourceDate "2019.09.30"]
[SourceVersion "1"]
[SourceVersionDate "2019.09.30"]
[SourceQuality "1"]

1. d4 d5 2. c4 Nc6 3. Nc3 dxc4 4. Nf3 Nf6 5. d5 Na5 6. Qa4+ c6 7. b4 b5 8. Nxb5 cxb5 9. Qxb5+ Bd7 10. Qxa5 Qxa5 11. bxa5 Nxd5 12. Rb1 Bf5 13. Rb7 e6 14. a3 0-0-0 15. a6 Nc3 16. Bd2 Nb1 17. Bf4 Bd6 18. e3 Bxf4 19. exf4 c3 20. Be2 c2 21. 0-0 Nc3 22. Bc4 Rd1 23. Ne5 c1Q 0-1

[Event "Riga Tal Memorial blitz"]
[Site "Riga"]
[Date "2019.07.18"]
[Round "5"]
[White "Barskij, Vladimir"]
[Black "Khismatullin, Denis Rimovich"]
[Result "0-1"]
[WhiteElo "2389"]
[BlackElo "2618"]
[PlyCount "98"]
[EventDate "2019.07.18"]
[EventType "swiss (blitz)"]
[EventRounds "13"]
[EventCountry "LAT"]
[SourceTitle "CBM 191 Extra"]
[Source "ChessBase"]
[SourceDate "2019.09.30"]
[SourceVersion "1"]
[SourceVersionDate "2019.09.30"]
[SourceQuality "1"]

1. e4 c5 2. c3 g6 3. d4 cxd4 4. cxd4 d5 5. exd5 Nf6 6. Nc3 Bg7 7. Bc4 0-0 8. Nf3 Na6 9. 0-0 Nc7 10. h3 Ncxd5 11. Re1 Be6 12. Bb3 Rc8 13. Bd2 Qd6 14. Ne5 Rfd8 15. Rc1 Qb6 16. Bg5 Nc7 17. Na4 Qb4 18. Be3 Bxb3 19. axb3 Ncd5 20. Nc5 Qb5 21. Rc4 b6 22. Ncd3 Nxe3 23. fxe3 Qd5 24. Qf3 e6 25. Rec1 Rxc4 26. bxc4 Qe4 27. Nf2 Qxf3 28. gxf3 Ne8 29. c5 bxc5 30. Rxc5 Nd6 31. Nfd3 Bf6 32. Kf2 Rb8 33. b4 Nf5 34. Rc7 Nd6 35. Rxa7 Bh4+ 36. Ke2 Rc8 37. Nc5 Rb8 38. Ned3 Nf5 39. Rb7 Ra8 40. b5 Ra2+ 41. Kd1 Nxe3+ 42. Kc1 Bg3 43. Kb1 Rd2 44. b6 Nc4 45. Ne5 Nxe5 46. dxe5 Bxe5 47. Nd7 Bf4 48. Rc7 Kg7 49. Rc8 Rxd7 0-1

[Event "Minsk Kupreichik Memorial op"]
[Site "Minsk"]
[Date "2018.06.23"]
[Round "11"]
[White "Barskij, Vladimir"]
[Black "Romanovskij, Nikita"]
[Result "1-0"]
[WhiteElo "2389"]
[BlackElo "1869"]
[PlyCount "47"]
[EventDate "2018.06.21"]
[EventType "swiss (rapid)"]
[EventRounds "11"]
[EventCountry "BLR"]
[SourceTitle "CBM 185 Extra"]
[Source "ChessBase"]
[SourceDate "2018.07.29"]
[SourceVersion "1"]
[SourceVersionDate "2018.07.29"]
[SourceQuality "1"]

1. e4 e5 2. Nc3 Nf6 3. f4 d6 4. Nf3 exf4 5. d4 Be7 6. Bxf4 Bg4 7. Qd2 Nc6 8. Bb5 a6 9. Bxc6+ bxc6 10. 0-0 0-0 11. Rae1 Qd7 12. h3 Bh5 13. Bg5 Ne8 14. Nh4 Bg6 15. Nxg6 hxg6 16. Bxe7 Qxe7 17. e5 dxe5 18. dxe5 Rd8 19. Qf4 c5 20. Ne4 c6 21. c3 Nc7 22. Nf6+ gxf6 23. exf6 Qd6 24. Qh6 1-0

[Event "RUS-chT blitz"]
[Site "Sochi"]
[Date "2017.10.05"]
[Round "14"]
[White "Kabanov, Nikolai"]
[Black "Barskij, Vladimir"]
[Result "1/2-1/2"]
[WhiteElo "2478"]
[BlackElo "2386"]
[PlyCount "95"]
[EventDate "2017.10.05"]
[EventType "team-swiss (blitz)"]
[EventRounds "15"]
[EventCountry "RUS"]
[SourceTitle "CBM 181 Extra"]
[Source "ChessBase"]
[SourceDate "2017.12.12"]
[SourceVersion "1"]
[SourceVersionDate "2017.12.12"]
[SourceQuality "1"]
[WhiteTeam "Khanty Mansyisk Yugra"]
[BlackTeam "Moscow Gogol Mogol"]
[WhiteTeamCountry "RUS"]
[BlackTeamCountry "RUS"]

1. Nc3 d5 2. Nf3 Nf6 3. d4 g6 4. Bf4 Bg7 5. e3 0-0 6. Be2 c5 7. Nb5 Na6 8. 0-0 Bf5 9. c3 Qb6 10. a4 c4 11. h3 Rac8 12. Nd2 Nb8 13. b4 cxb3 14. Bxb8 Bc2 15. Qc1 Rxb8 16. Qb2 a6 17. Na3 Bf5 18. Qxb3 Qxb3 19. Nxb3 Ne4 20. c4 dxc4 21. Nxc4 b5 22. axb5 axb5 23. Nca5 Rfc8 24. Rfc1 Nc3 25. Bf3 b4 26. Nc6 Rxc6 27. Bxc6 Ne2+ 28. Kf1 Nxc1 29. Rxc1 Bd3+ 30. Ke1 e5 31. Kd2 Bf5 32. e4 Bh6+ 33. Kc2 Bxc1 34. exf5 Bg5 35. fxg6 hxg6 36. d5 Be7 37. Kd3 Rb6 38. Kc4 Ra6 39. Nd2 Ra2 40. Ne4 f5 41. d6 Bd8 42. Nc5 Kf7 43. Bd5+ Ke8 44. Bc6+ Kf7 45. Bd5+ Ke8 46. Bc6+ Kf7 47. Bd5+ Ke8 48. Bc6+ 1/2-1/2

[Event "RUS-chT2"]
[Site "Sochi"]
[Date "2017.05.03"]
[Round "3.2"]
[White "Barskij, Vladimir"]
[Black "Yandarbiev, Ruslan"]
[Result "0-1"]
[WhiteElo "2389"]
[BlackElo "2288"]
[PlyCount "80"]
[EventDate "2017.05.01"]
[EventType "team-swiss"]
[EventRounds "9"]
[EventCountry "RUS"]
[SourceTitle "CBM 178 Extra"]
[Source "ChessBase"]
[SourceDate "2017.06.22"]
[SourceVersion "1"]
[SourceVersionDate "2017.06.22"]
[SourceQuality "1"]
[WhiteTeam "Moscow Eggnog"]
[BlackTeam "Chechen Republic"]
[WhiteTeamCountry "RUS"]
[BlackTeamCountry "RUS"]

1. e4 e6 2. d4 d5 3. e5 c5 4. c3 Nc6 5. Nf3 Bd7 6. Be2 Nge7 7. dxc5 Ng6 8. b4 Be7 9. Be3 a5 10. Nd4 axb4 11. f4 bxc3 12. Nxc3 Nxd4 13. Qxd4 Nh4 14. 0-0 Nf5 15. Qd2 Nxe3 16. Qxe3 Qa5 17. Kh1 Qxc5 18. Qg3 0-0 19. a4 f6 20. Qh3 fxe5 21. Nxd5 exf4 22. Bd3 g6 23. Nxf4 Rf6 24. Ne2 Rxa4 25. Rfc1 Rxa1 26. Rxa1 Qe5 27. Rb1 Bc6 28. Qg3 Bd6 29. Qxe5 Bxe5 30. Kg1 Kf7 31. Bb5 Bd5 32. Rc1 Ke7 33. Nc3 Bd4+ 34. Kh1 Bxc3 35. Rxc3 Rf2 36. Rc7+ Kd6 37. Rxh7 Rb2 38. Rd7+ Ke5 39. Bd3 Rd2 40. Bf1 Bxg2+ 0-1

[Event "RUS-chT2"]
[Site "Sochi"]
[Date "2017.05.01"]
[Round "1.3"]
[White "Barskij, Vladimir"]
[Black "Zaika, Daniil"]
[Result "1-0"]
[WhiteElo "2389"]
[BlackElo "2149"]
[PlyCount "131"]
[EventDate "2017.05.01"]
[EventType "team-swiss"]
[EventRounds "9"]
[EventCountry "RUS"]
[SourceTitle "CBM 178 Extra"]
[Source "ChessBase"]
[SourceDate "2017.06.22"]
[SourceVersion "1"]
[SourceVersionDate "2017.06.22"]
[SourceQuality "1"]
[WhiteTeam "Moscow Eggnog"]
[BlackTeam "Orel Full Metal Jacket"]
[WhiteTeamCountry "RUS"]
[BlackTeamCountry "RUS"]

1. e4 e6 2. Nf3 d5 3. Nc3 Nf6 4. e5 Nfd7 5. d4 c5 6. dxc5 Nc6 7. Bf4 Bxc5 8. Bd3 Be7 9. Qd2 h6 10. h4 a6 11. h5 b5 12. Rh3 b4 13. Ne2 Qc7 14. Rg3 Kf8 15. 0-0-0 Ndxe5 16. Nxe5 Nxe5 17. Kb1 Bd6 18. Nd4 Bd7 19. Re1 Nxd3 20. Bxd6+ Qxd6 21. Qxd3 e5 22. Nf5 Bxf5 23. Qxf5 f6 24. Rd3 Re8 25. f4 Kf7 26. Qg6+ Kf8 27. b3 Re7 28. Red1 Rd7 29. Qg4 d4 30. fxe5 fxe5 31. Qe4 Kf7 32. Rf3+ Ke7 33. Rf5 Rc8 34. Rxe5+ Kd8 35. Qe2 Rc6 36. Re4 Qc5 37. Re8+ Kc7 38. Ra8 Re7 39. Qxe7+ Qxe7 40. Ra7+ Kd8 41. Rxd4+ Ke8 42. Rxe7+ Kxe7 43. Rxb4 Rc5 44. g4 Rg5 45. Re4+ Kd6 46. c4 g6 47. hxg6 Rxg6 48. Kc2 Rg5 49. Rf4 Kc6 50. Kc3 h5 51. Rf6+ Kb7 52. gxh5 Rxh5 53. Kb4 Rh2 54. a3 Rh5 55. Ka4 Rc5 56. Rd6 Rh5 57. b4 Rh3 58. c5 Rc3 59. Rd7+ Kb8 60. Rh7 Rd3 61. Ka5 Rxa3+ 62. Kb6 Kc8 63. c6 Rd3 64. Rh8+ Rd8 65. Rxd8+ Kxd8 66. Kb7 1-0

[Event "Moscow-chT GpA"]
[Site "Moscow"]
[Date "2013.09.29"]
[Round "6.2"]
[White "Gubajdullin, Alexey"]
[Black "Barskij, Vladimir"]
[Result "1-0"]
[WhiteElo "2332"]
[BlackElo "2422"]
[PlyCount "121"]
[EventDate "2013.09.21"]
[EventType "team-swiss"]
[EventRounds "7"]
[EventCountry "RUS"]
[SourceTitle "CBM 156 Extra"]
[Source "ChessBase"]
[SourceDate "2013.10.22"]
[SourceVersion "1"]
[SourceVersionDate "2013.10.22"]
[SourceQuality "1"]
[WhiteTeam "Andrei Kalinichev"]
[BlackTeam "Navigator"]
[WhiteTeamCountry "RUS"]
[BlackTeamCountry "RUS"]

1. Nf3 Nf6 2. c4 e6 3. g3 d5 4. Bg2 dxc4 5. Qa4+ Nbd7 6. 0-0 a6 7. Qxc4 b5 8. Qc6 Rb8 9. Qc2 c5 10. a4 Bb7 11. axb5 axb5 12. Nc3 Qb6 13. d3 Bd6 14. h3 0-0 15. Be3 b4 16. Na4 Qc7 17. Rac1 Rfc8 18. b3 e5 19. Nd2 Nd5 20. Qc4 N7b6 21. Nxb6 Nxb6 22. Qg4 Nd5 23. Ra1 Ra8 24. Rxa8 Rxa8 25. Ne4 Be7 26. Bg5 Rf8 27. Bh6 g6 28. Bxf8 Bxf8 29. Qg5 Be7 30. Qc1 Kg7 31. Qb2 f5 32. Nd2 Bf6 33. Qc2 Nc3 34. Nb1 Bxg2 35. Kxg2 Qc6+ 36. Kh2 e4 37. Nxc3 Bxc3 38. e3 exd3 39. Qxd3 Qe6 40. Qc4 Qxc4 41. bxc4 Kf6 42. Kg2 Ke5 43. Kf3 h5 44. h4 Kd6 45. Ke2 Kc6 46. Kd3 Kd6 47. Rb1 Ke5 48. Rc1 Bb2 49. Rc2 Ba3 50. Ra2 Kf6 51. Kc2 g5 52. hxg5+ Kxg5 53. f3 h4 54. gxh4+ Kxh4 55. Ra1 Kg3 56. e4 fxe4 57. fxe4 Kf4 58. Re1 Ke5 59. Kb3 Kf6 60. e5+ Ke6 61. Ka2 1-0

[Event "Moscow-chT GpA"]
[Site "Moscow"]
[Date "2013.09.26"]
[Round "4.1"]
[White "Vavulin, Maksim"]
[Black "Barskij, Vladimir"]
[Result "1-0"]
[WhiteElo "2377"]
[BlackElo "2422"]
[PlyCount "71"]
[EventDate "2013.09.21"]
[EventType "team-swiss"]
[EventRounds "7"]
[EventCountry "RUS"]
[SourceTitle "CBM 156 Extra"]
[Source "ChessBase"]
[SourceDate "2013.10.22"]
[SourceVersion "1"]
[SourceVersionDate "2013.10.22"]
[SourceQuality "1"]
[WhiteTeam "Moscow Youth"]
[BlackTeam "Navigator"]
[WhiteTeamCountry "RUS"]
[BlackTeamCountry "RUS"]

1. e4 d6 2. d4 Nf6 3. Nc3 e5 4. Nf3 Nbd7 5. Bc4 Be7 6. 0-0 0-0 7. Re1 c6 8. a4 a5 9. h3 Nb6 10. Bb3 Nfd7 11. Be3 h6 12. Qe2 exd4 13. Nxd4 Nc5 14. Rad1 Nxb3 15. cxb3 Re8 16. Qf3 Bf6 17. Qg3 Bh4 18. Qh2 Ra6 19. Nf3 Be7 20. Qg3 Kh7 21. Bf4 d5 22. Bc7 Qd7 23. Bxb6 Rxb6 24. Ne5 Qc7 25. exd5 Bd6 26. Qd3+ g6 27. Nc4 Rxe1+ 28. Rxe1 Rxb3 29. Qc2 Rb4 30. Ne4 Bh2+ 31. Kh1 Qf4 32. Qc3 h5 33. g3 Bxg3 34. fxg3 Qf5 35. Ncd6 Qxd5 36. Kh2 1-0

[Event "Champigny sur Marne op"]
[Site "Champigny sur Marne"]
[Date "2005.03.??"]
[Round "2"]
[White "Dag, Bekhir"]
[Black "Barskij, Vladimir"]
[Result "0-1"]
[WhiteElo "1710"]
[BlackElo "1860"]
[PlyCount "80"]
[EventDate "2005.03.??"]
[EventType "swiss"]
[EventRounds "7"]
[EventCountry "FRA"]
[SourceTitle "EXT 2007"]
[Source "ChessBase"]
[SourceDate "2006.11.23"]
[SourceVersion "1"]
[SourceVersionDate "2006.11.23"]
[SourceQuality "1"]

1. d4 Nf6 2. c4 g6 3. Nc3 d5 4. Nf3 Bg7 5. Bg5 c6 6. Qd2 Ne4 7. Nxe4 dxe4 8. Ng1 Qxd4 9. Qb4 c5 10. Qb5+ Nc6 11. Rb1 a6 12. Qb3 Qe5 13. Bd2 Qc7 14. e3 0-0 15. Ne2 e5 16. Nc3 f5 17. Nd5 Qf7 18. Qc2 Be6 19. Be2 Kh8 20. Nb6 Rad8 21. a3 Qc7 22. Na4 Na7 23. b4 cxb4 24. Bxb4 Rfe8 25. 0-0 b5 26. Nc5 Bxc4 27. Bxc4 bxc4 28. Qxc4 a5 29. Bxa5 Qxa5 30. Nb7 Qd5 31. Qa4 Ra8 32. Rfd1 Qc6 33. Qb3 Rab8 34. Qf7 Rf8 35. Qe7 Bf6 36. Qc5 Qxc5 37. Nxc5 Rxb1 38. Rxb1 Rc8 39. g3 Rxc5 40. Rb8+ Rc8 0-1

[Event "Polanica Zdroj op-A"]
[Site "Polanica Zdroj"]
[Date "2000.08.21"]
[Round "5"]
[White "Barskij, Vladimir"]
[Black "Kveinys, Aloyzas"]
[Result "1/2-1/2"]
[WhiteElo "2409"]
[BlackElo "2522"]
[PlyCount "99"]
[EventDate "2000.08.17"]
[EventType "swiss"]
[EventRounds "10"]
[EventCountry "POL"]
[SourceTitle "EXT 2001"]
[Source "ChessBase"]
[SourceDate "2000.11.22"]
[SourceVersion "1"]
[SourceVersionDate "2000.11.22"]
[SourceQuality "1"]

1. e4 c5 2. c3 Nf6 3. e5 Nd5 4. Nf3 d6 5. d4 cxd4 6. cxd4 e6 7. Bc4 Nc6 8. 0-0 Be7 9. Qe2 0-0 10. Re1 Bd7 11. Nc3 Nxc3 12. bxc3 dxe5 13. dxe5 Na5 14. Bd3 Bc6 15. Nd4 Qd5 16. Qg4 Rfc8 17. Re3 g6 18. h4 Nc4 19. Bxc4 Qxc4 20. h5 Ba4 21. hxg6 fxg6 22. Qxe6+ Qxe6 23. Nxe6 Rc4 24. Bb2 Rac8 25. Rae1 R8c6 26. Nd4 Ra6 27. f4 Be8 28. Ra1 Bc5 29. Kh2 Bxd4 30. cxd4 Rc2 31. Ba3 Bc6 32. e6 Rxg2+ 33. Kh3 Rd2 34. f5 Kg7 35. f6+ Kxf6 36. Rf1+ Kg7 37. Rf7+ Kg8 38. Rf8+ Kg7 39. Rf7+ Kg8 40. Rf8+ Kg7 41. e7 Rxa3 42. Rxa3 Re2 43. Rxa7 Rxe7 44. Rd8 Re3+ 45. Kg4 h5+ 46. Kf4 Rf3+ 47. Ke5 Re3+ 48. Kf4 Rf3+ 49. Ke5 Re3+ 50. Kf4 1/2-1/2

[Event "Moscow GM2"]
[Site "Moscow"]
[Date "1996.??.??"]
[Round "?"]
[White "Barskij, Vladimir"]
[Black "Kobalia, Mihail"]
[Result "1-0"]
[WhiteElo "2350"]
[BlackElo "2425"]
[PlyCount "107"]
[EventDate "1996.??.??"]
[EventType "tourn"]
[EventRounds "13"]
[EventCountry "RUS"]
[EventCategory "8"]
[SourceTitle "EXT 2000"]
[Source "ChessBase"]
[SourceDate "1999.11.16"]
[SourceVersion "1"]
[SourceVersionDate "1999.11.16"]
[SourceQuality "1"]

1. e4 d5 2. exd5 Nf6 3. d4 Nxd5 4. Nf3 g6 5. Bc4 Bg7 6. 0-0 0-0 7. c3 Bg4 8. h3 Bxf3 9. Qxf3 e6 10. Nd2 c6 11. Re1 Nd7 12. Nf1 b5 13. Bb3 a5 14. a3 Qc7 15. Bg5 N7b6 16. Rad1 c5 17. dxc5 Qxc5 18. Ng3 Nc4 19. Ne4 Qb6 20. Re2 h6 21. Bxc4 bxc4 22. Nf6+ Nxf6 23. Bxf6 Bxf6 24. Qxf6 Rfd8 25. Red2 Rxd2 26. Rxd2 Qb5 27. h4 Rb8 28. Qf4 Kg7 29. a4 e5 30. Qe3 Qe8 31. Qc5 Rd8 32. Rxd8 Qxd8 33. Qxe5+ Kg8 34. Qd4 Qb8 35. Qxc4 Qxb2 36. Qd4 Kh7 37. g3 Qb3 38. Kg2 Qb7+ 39. Kf1 Qb1+ 40. Ke2 Qc2+ 41. Ke3 Qc1+ 42. Kf3 Qh1+ 43. Ke2 Qc6 44. Kd2 Qe8 45. Qd5 Qxa4 46. Qxf7+ Kh8 47. Qxg6 h5 48. Qxh5+ Kg7 49. Qe5+ Kh7 50. Qe7+ Kg6 51. h5+ Kxh5 52. Qh4+ Qxh4 53. gxh4 Kxh4 54. Kc2 1-0

[Event "Yalta op"]
[Site "Yalta"]
[Date "1996.??.??"]
[Round "4"]
[White "Golubev, Mikhail"]
[Black "Barskij, Vladimir"]
[Result "1-0"]
[WhiteElo "2525"]
[BlackElo "2350"]
[PlyCount "73"]
[EventDate "1996.??.??"]
[EventType "swiss"]
[EventRounds "11"]
[EventCountry "UKR"]
[SourceTitle "EXT 1998"]
[Source "ChessBase"]
[SourceDate "1997.11.17"]
[SourceVersion "1"]
[SourceVersionDate "1997.11.17"]
[SourceQuality "1"]

1. e4 c5 2. Nf3 e6 3. d4 cxd4 4. Nxd4 Nf6 5. Nc3 d6 6. Bc4 Be7 7. Bb3 Na6 8. f4 Nc5 9. e5 dxe5 10. fxe5 Nfd7 11. Bf4 0-0 12. Qg4 Kh8 13. 0-0-0 a6 14. Rhe1 Qc7 15. Re3 b5 16. Qh5 g6 17. Qh6 Re8 18. Rh3 Nf8 19. Nf3 Kg8 20. Rf1 Bb7 21. Bg5 Ncd7 22. Qh4 Bxf3 23. Bxe7 Nxe5 24. Bxf8 Bxg2 25. Bd6 Qxd6 26. Qxh7+ Kf8 27. Qh8+ Ke7 28. Qf6+ Kd7 29. Rd1 Qxd1+ 30. Kxd1 Bxh3 31. Qxe5 Bf5 32. a4 Reb8 33. axb5 axb5 34. Nxb5 Ke7 35. Ke2 Kf8 36. Nc7 Bg4+ 37. Kf2 1-0